000 00539nam a2200217Ia 4500
003 IT-RoPAU
008 120407s9999 xx 000 0 und d
040 _aIT-RoPAU
040 _cIT-RoPAU
041 _aita
100 _aAmbrogio
100 _csan
245 _aOpera omnia di S. Ambrogio
250 _aMilano - Roma
260 _aBibl. Ambrosiana - Città Nuova
260 _c1979
300 _c24 cm
600 _aVolumi presenti: 1, 2/1, 2/2, 3, 4, 5,6, 7, 8, 9/1, 10, 11, 12, 13, 14, 15, 16, 18.
942 _cBK
999 _c71
_d71